Statistics for 中国足球:历代顶级联赛同城德比城市

Click here to take the quiz!

General Stats

  • This quiz has been taken 85 times
    (56 since last reset)
  • The average score is 6 of 7

Answer Stats

顶级联赛德比城市% Correct
上海 (2002-2006 2012-2024)
100%
广州 (1994-1998 2012-2022)
98%
北京 (2002-2003 2018-2019)
94%
大连 (2012)
82%
青岛 (2024)
82%
天津 (2017-2019)
78%
武汉 (2022)
61%

Score Distribution

Percentile by Number Answered

Percent of People with Each Score

Your Score History

You have not taken this quiz since the last reset